| 000 | 00741nam a2200241Ia 4500 | ||
|---|---|---|---|
| 005 | 20250117110408.0 | ||
| 008 | 008 250114s9999 xx 000 0 eng d | ||
| 020 | _a9781489986795 | ||
| 037 | _aTextual | ||
| 040 |
_aCSL _beng _cCSL |
||
| 041 |
_aeng _2eng |
||
| 084 |
_aI 11.6 Q2;2 Carb _qCSL |
||
| 245 | 0 |
_aPlant cytogenetics: Genome structure and chromosome function _cBass, Hank W (Ed.); Birchler, James A (Ed.) |
|
| 260 |
_aDordrecht _bSpringer _c2012 |
||
| 300 | _ax, 345p. ill. | ||
| 490 | _vVol.9 | ||
| 650 |
_a Plant telmeres _9734692 |
||
| 650 | _aBotany | ||
| 700 | _a Birchler, James A (Ed.) | ||
| 700 | _aBass, Hank W (Ed.) | ||
| 942 |
_cTEXL _hI 11.6 Q2;2 Carb |
||
| 999 |
_c1238166 _d1238166 |
||